Vivir para contarla
Na minha lista:
| Autor principal: | |
|---|---|
| Formato: | Livro |
| Idioma: | Spanish |
| Publicado em: |
México, Distrito Federal
Editorial Diana
2002
|
| Assuntos: | |
| Tags: |
Adicionar Tag
Sem tags, seja o primeiro a adicionar uma tag!
|
MARC
| LEADER | 00000nam a22000007a 4500 | ||
|---|---|---|---|
| 008 | 180907b xxu||||| |||| 00| 0 spa d | ||
| 040 | |a cru BVZT | ||
| 090 | |a 860 G-12v | ||
| 100 | |a García Márquez, Gabriel | ||
| 245 | |a Vivir para contarla |c Gabriel García Márquez | ||
| 260 | |a México, Distrito Federal |b Editorial Diana |c 2002 | ||
| 300 | |a 585 páginas | ||
| 650 | |a LITERATURA LATINOAMERICANA |9 15 | ||
| 650 | |a GABRIEL GARCÍA MÁRQUEZ | ||
| 650 | |a NOVELA |9 13 | ||
| 999 | |c 30576 |d 30576 | ||
| 942 | |c LIB |h 860 G-12v |2 z | ||
